000 00470nam a22001697a 4500
008 211122b |||||||| |||| 00| 0 eng d
020 _a0335202640
050 _aR726.5 .W35 2001 C.1
100 _aWalker, Jan
245 _aControl and the Psychology of health
260 _aBuckingham
_bOUP
_c2001
300 _ax, 256p
650 _aHealth psychology
650 _aControl psychology
_vHealth aspects
650 _aMind and body
_vHealth aspects
942 _2lcc
_cBK
999 _c19133
_d19132